Statistics for Jeopardy #8668

Click here to take the quiz!

General Stats

  • This quiz has been taken 22 times
  • The average score is 15 of 59

Answer Stats

CategoryCashClueAnswer% Correct
____ING BOOK TITLES$200In a tale of hard luck in Sin City, this word precedes "Las Vegas"Leaving
69%
FACE/PALM$600In palmistry, health & general well-being are what this alliterative "line" is all about, not necessarily when you pass awaylife line
62%
WORD ORIGINS$600Derived from a Russian word, it can mean immense, or a prehistoric elephantine beastmammoth
62%
FACE/PALM$1000Palmar hyperhidrosis is the technical name for these, which can cause embarrassment, especially during social introductionssweaty palms
62%
FACE/PALM$800A boxer is said to have this "breakable" 2-word item when he's unable to take a punch to the kissera glass jaw
54%
____ING BOOK TITLES$800Dedicated in part to "Malia and Sasha, my two most precious peas"Becoming
54%
WORD ORIGINS$800From Greek for "grace", it's a certain magnetism or charm shown by leaders or movie stars, for examplecharisma
54%
THE SONG OF THE DAY$200In 2013 Rebecca Black naturally followed up "Friday" with this song, a collaboration with the perfectly named Dave Days"Saturday"
54%
THE 1800s$400For nearly half a century, "Puffing Billy", an early locomotive powered by this, hauled loads from an English coal minesteam
54%
HAIL TO THE CHEF$1200Before his untimely death, he took TV viewers into "Parts Unknown" to explore food & culture around the worldAnthony Bourdain
46%
FACE/PALM$400In "'Twas the Night Before Christmas", St. Nick's these "were like roses, his nose like a cherry!"cheeks
46%
FACE/PALM$200Fingers curl as palm fibers tighten in Dupuytren's contracture, which can be caused by this disease of high blood glucosediabetes
46%
ON PLANET POP CULTURE$400In 2021 Saniyya Sidney was on the court of "King Richard" as this tennis superstarVenus Williams
46%
ROCKS & PLANTS...$800The textile form of this plant, Cannabis sativa, can be used to make shoes; its fiber, recyclable bioplasticshemp
38%
IN THIS ECONOMY?$400This Far East country has been hurt by sanctions like those imposed by the U.N. starting in 2006 for its nuclear testsNorth Korea
38%
ROCKS & PLANTS...$400Contact dermatitis may result from exposure to eastern this vine; even smoke from burning plants can bring the painpoison ivy
38%
THE SONG OF THE DAY$600"Goodbye", this Rolling Stones woman, "Who could hang a name on you?" well, one of you, hopefullyRuby Tuesday
38%
OLD AD SLOGANS$1000This beverage became "The Uncola" in the '60s, man7-Up
31%
OLD AD SLOGANS$600"When it absolutely, positively has to be there overnight", this company said it would deliverFederal Express
31%
WORD ORIGINS$400Bad air was thought to cause this disease, so it was given a name meaning "bad air"; it's caused by parasitesmalaria
31%
THE SENATOR'S FIRST NAME$1000This first name of a Republican senator is a homophone for the German word for "with"Mitt
31%
ON PLANET POP CULTURE$800In a 2004 animated movie, Plankton steals King Neptune's crown & it's up to this title guy & his best pal to save the daySpongeBob SquarePants
31%
OLD AD SLOGANS$200People began to "Fly the friendly skies" with this airline in 1965; the slogan eventually flew off but returned in 2013United
31%
DOUBLE DOUBLE E$1200Rubber-edged implement used to wipe water from all your car windowsa squeegee
23%
OLD AD SLOGANS$800"I'd walk a mile for" this brand of cigarette dates to 1921, but smoke enough of them & distance walking gets problematicCamel
23%
THE SENATOR'S FIRST NAME$800Time to throw out this informal first name of Iowa's GrassleyChuck
23%
IN THIS ECONOMY?$800Whether you choose pipes of plastic or this for plumbing a new house matters to Zambia; its economy depends on exporting the metalcopper
23%
ON PLANET POP CULTURE$1200This member of singing royalty said, "Rod Stewart, Elton John & I were going to form a band... called Hair, Nose & Teeth"Freddie Mercury
23%
IN THIS ECONOMY?$1200Surrounded by Belgium, Germany & France, this banking center sometimes leads the world in GDP per capitaLuxembourg
23%
____ING BOOK TITLES$600A young adult bestseller that's kind of a twist on "The Breakfast Club": "One of Us is" thisLying
23%
ON PLANET POP CULTURE$1600It was a bit unusual for Tom Jones, Jim Brown & Danny DeVito to share a scene in this 1996 Tim Burton alien invasion filmMars Attacks!
23%
THE SENATOR'S FIRST NAME$400A gentle hand gesture of affection by Pennsylvania's ToomeyPat
23%
ROCKS & PLANTS...$1600The dimension type of this metamorphic rock is in blackboards, while the crushed type can go into composition roofingslate
23%
____ING BOOK TITLES$400Named for young Danny Torrance's psychic giftThe Shining
23%
____ING BOOK TITLES$1000Irvine Welsh's debut novel about heroin addict Mark Renton & his palsTrainspotting
23%
THE SENATOR'S FIRST NAME$200When it comes to Louisiana's Cassidy, he's just a this, & he's sitting here on Capitol HillBill
15%
HAIL TO THE CHEF$400Though he pasta way in 1985, he is still depicted on cans of his spaghetti, beefaroni & ravioliChef Boyardee
15%
WORD ORIGINS$1000As it was often used for upper-story bedrooms, the name of this 6-letter window style that projects out is from Latin for "to sleep"dormer
15%
ON PLANET POP CULTURE$2000Train sang, "Tell me, did you sail across the Sun? Did you make it to the Milky Way to see the lights all faded" in this song"Drops Of Jupiter"
15%
HAIL TO THE CHEF$800Renowned Southern chef Edna Lewis was an early proponent of this movement--food locally sourced & direct to your platfarm to table
15%
THE 1800s$800In 1800 this sailing man visited Haydn, who composed a cantata on the Battle of the NileHoratio Nelson
15%
ROCKS & PLANTS...$1200The seed husks from this silent "P" annual are helpful with a variety of stomach ills,psyllium
15%
IN THIS ECONOMY?$2000A coffee plant is on the emblem of this country where coffee remains an economic bright spot amid a brutal Saudi-Iranian proxy warYemen
15%
DOUBLE DOUBLE E$800Ironically, if you "put" something in this frigid 2-word place, it's kind of on the back burnera deep freezer
8%
THE SONG OF THE DAY$400Duran Duran sang of a "New Moon" then "and a firedance through the night"a "New Moon On Monday"
8%
19th CENTURY LITERATUREN/AThis author first thought of a parrot before choosing another bird "equally capable of speech"Edgar Allan Poe
8%
OLD AD SLOGANS$400Aawon Buhw! Aawon Buhw! Michael Bay directed the 1993 commercial that ended with this 2-word slogan-questionGot Milk?
8%
THE SENATOR'S FIRST NAME$600Let's toss in 2 ex-senators with Ohio's Portman to make this phrase: Portman Fitzgerald "to pay" Wellstonerob Peter to pay Paul
8%
DOUBLE DOUBLE E$1600Manchego & Pecorino are examples of this, which may have subtle notes of lanolinsheep cheese
8%
THE 1800s$1600Tenskwatawa, known as the Shawnee prophet, was the brother of this leaderTecumseh
8%
THE SONG OF THE DAY$800In a nursery rhyme, this young one "has far to go"; as a David Bowie title, it waited until 1999Thursday\'s Child
8%
DOUBLE DOUBLE E$400Of a certain pair of "Through the Looking Glass" characters, this one fits the categoryTweedledee
8%
WORD ORIGINS$200The wearer of this wouldn't likely know that its name goes back to a Scottish scholar & his followers after he fell out of favora dunce cap
0%
THE 1800s$2000In 1807 Napoleon & this czar I met on a river raft to plan how to divide up EuropeAlexander I
0%
IN THIS ECONOMY?$1600Late 19th century Greece depended heavily on exports of these fruits, which get their name from Corinthcurrants
0%
HAIL TO THE CHEF$2000This French creator of peach Melba & Melba toast was nicknamed the "king of chefs & chef of kings"Escoffier
0%
HAIL TO THE CHEF$1600Granddaughter of film producer Dino, she's the Food Network's celebrity chef seen hereGiada De Laurentiis
0%
DOUBLE DOUBLE E$2000Growing wild in much of the United States, it gets its name from once being ground up make snuff--ah-choo!sneeze weed
0%
THE SONG OF THE DAY$1000Love & Kisses hit the Top 40 in 1978 with this title tune from a movie featuring Jeff Goldblum & Donna Summer"Thank God It\'s Friday"
0%

Score Distribution

Percentile by Number Answered

Percent of People with Each Score

Your Score History

You have not taken this quiz